MARC

LEADER 00000nam0a2200000 4500
001 50863
005 20231031033701.0
035 |a (RuTPU)RU\TPU\book\53251 
090 |a 50863 
100 |a 20030421d1980 k y0rusy50 ca 
101 0 |a rus 
102 |a UA 
105 |a a z 001zy 
200 1 |a Решение обратных задач теплопроводности на электрических моделях  |f Ю. М. Мацевитый, В. Е. Прокофьев, В. С. Широков  |g Академия наук Украинской ССР; Институт проблем машиностроения 
210 |a Киев  |c Наукова думка  |d 1980 
215 |a 132 с.  |c ил. 
320 |a Библиогр.: с. 124-130 
610 1 |a теплотехника 
610 1 |a электрические модели 
610 1 |a теплопроводность 
610 1 |a обратные задачи 
610 1 |a решение 
610 1 |a ЭВМ 
610 1 |a идентификация 
610 1 |a точность 
610 1 |a оптимальное управление 
610 1 |a прикладные задачи 
675 |a 621.1.016.4  |v 3 
700 1 |a Мацевитый  |b Ю. М.  |g Юрий Михайлович 
701 1 |a Прокофьев  |b В. Е.  |g Владимир Евгеньевич 
701 1 |a Широков  |b В. С.  |g Валерий Сергеевич 
712 0 2 |a Академия наук Украинской ССР (АН УССР)  |b Институт проблем машиностроения им. А. Н. Подгорного (ИПМаш)  |c (Харьков)  |2 stltpush  |3 (RuTPU)RU\TPU\col\11523 
801 1 |a RU  |b 63413507  |c 20030421  |g PSBO 
801 2 |a RU  |b 63413507  |c 20160518  |g PSBO 
942 |c BK